Les pays qui parlent Français - Statistiques

Statistiques générales
  • Ce quiz a été pris 252 fois
  • Le résultat moyen est 23 sur 38
Statistiques - réponses
Indice Réponse % Correct
97 % France
99%
76 % Belgique
94%
67 % Suisse
91%
35 % Maroc
90%
33 % Algérie
88%
52 % Tunisie
86%
29 % Canada
85%
96 % Luxembourg
82%
97 % Monaco
81%
27 % Sénégal
80%
51 % République Démocratique du Congo
76%
70 % Andorre
75%
59 % Congo
74%
17 % Mali
69%
34 % Côte d'Ivoire
68%
41 % Cameroun
67%
13 % Niger
65%
25 % Guinée
61%
20 % Madagascar
58%
13 % Tchad
57%
66 % Gabon
55%
39 % Togo
55%
33 % Bénin
54%
22 % Burkina Faso
53%
73 % Maurice
48%
28 % République Centrafricaine
48%
38 % Liban
47%
26 % Comores
45%
43 % Haïti
45%
6 % Rwanda
40%
29 % Guinée Equatoriale
40%
53 % Seychelles
40%
50 % Djibouti
38%
8 % Burundi
35%
25 % Portugal
33%
5 % Cambodge
21%
32 % Vanuatu
20%
5 % Serbie
4%
Aucun quiz correspondant
Distribution des résultats
% des personnes avec chaque résultat
Percentile par nombre de réponses
Votre historique - résultats
Vous n’avez pas pris ce quiz